Stín /

Detektivní román rakouské autorky, v němž se Beatrice Kasparyová musí pustit do děsivého vyšetřování, které má souvislost s její minulostí.

Main Author: Poznanski, Ursula, 1968-
Other Authors: Vosičková, Lenka, 1972-
Language: Czech
Published: Praha : Euromedia Group, 2019
Edition: Vydání první
Physical Description: 326 stran ; 21 cm
Book
Saved in:
LEADER 02746nam a2200517 i 4500
001 nkc20193119366
003 CZ PrNK
005 20200810114430.0
007 ta
008 191120s2019 xr e 000 f cze
015 |a cnb003119366 
020 |a 978-80-7617-822-9  |q (vázáno) 
035 |a (OCoLC)1140080467 
040 |a ABG001  |b cze  |e rda 
041 1 |a cze  |h ger 
072 7 |a 821.112.2-3  |x Německá próza, německy psaná  |2 Konspekt  |9 25 
080 |a 821.112.2(436)-31  |2 MRF 
080 |a (0:82-312.4)  |2 MRF 
100 1 |a Poznanski, Ursula,  |d 1968-  |7 xx0142240  |4 aut 
240 1 0 |a Schatten.  |l Česky 
245 1 0 |a Stín /  |c Ursula Poznanski ; z německého originálu Schatten ... přeložila Lenka Vosičková 
250 |a Vydání první 
264 1 |a Praha :  |b Euromedia Group,  |c 2019 
300 |a 326 stran ;  |c 21 cm 
336 |a text  |b txt  |2 rdacontent 
337 |a bez média  |b n  |2 rdamedia 
338 |a svazek  |b nc  |2 rdacarrier 
500 |a "Vydala Euromedia Group, a.s. - Kalibr"--Tiráž 
520 2 |a Detektivní román rakouské autorky, v němž se Beatrice Kasparyová musí pustit do děsivého vyšetřování, které má souvislost s její minulostí.  |b Když jsou vyšetřovatelce salcburské policie Beatrice Kasparyové přiděleny dva zdánlivě nesouvisející případy, ještě netuší, jak hrozivé obrátky brzy oba případy naberou. Muže našli v bytě přivázaného k židli s proříznutým hrdlem, ženu utopenou v potoce, nic je na první pohled nespojuje, ale Beatrice je oba znala. Navíc je oba ze srdce nenáviděla, a na místě činu jsou věci, které ostatním nepřijdou důležité, ale ona v nich vidí připomínku hrozivé události ze své minulosti. Je právě ona spojnicí obou případů? Kdo chce vynést na světlo to, na co chce Beatrice již dlouho zapomenout? Její jedinou šancí je pustit se do vlastního vyšetřování a odhalit pachatele dřív, než zaútočí znovu. 
655 7 |a rakouské romány  |7 fd133222  |2 czenas 
655 7 |a detektivní romány  |7 fd132010  |2 czenas 
655 7 |a thrillery (romány)  |7 fd184206  |2 czenas 
655 9 |a Austrian fiction  |2 eczenas 
655 9 |a detective novels  |2 eczenas 
655 9 |a thrillers (novels)  |2 eczenas 
700 1 |a Vosičková, Lenka,  |d 1972-  |7 mzk2003184893  |4 trl 
787 0 8 |i Z cyklu:  |t Beatrice Kaspary  |g 4 
910 2 |a BOA001  |b 2-1438.753 
920 |a 4508878  |z ABG001 
928 9 |a Euromedia Group - Kalibr 
928 9 |a Kalibr 
990 |a BK 
995 |a 01 
991 |b 201912  |c NOV 
996 6 |b 2610808888  |c 2-1438.753  |l MZK  |r Sklad / do 1 hodiny  |n 0  |p p.v.  |w 001771918  |u 000010  |a 1  |e BOA001  |j MZK50  |s P 
996 7 |b 2610834139  |c 2-1438.753  |l MZK  |r Sklad / do 1 hodiny  |n 4  |p kup  |w 001771918  |u 000020  |a 1  |e BOA001  |j MZK50  |s A